00339nam a2200145Ia 4500008004100000020001500041041001200056082001600068100001500084245003700099250000800136260002500144300000800169650001600177221030s9999 xx 000 0 und d a8170296420 aEnglish a105.23bRit aC. Ritchie 0aOperating Systemscby C. Ritchie a2nd bBPB PubaIndiac1995 a232 aBE Computer